[Event "4NCL/Div3/BRI2 vs. MIN"]
[Site "Birmingham ENG"]
[Date "2006.03.04"]
[Round "7.1"]
[White "Timmins, Chris P"]
[Black "Radovanovic, Jovica"]
[Result "0-1"]
[WhiteElo "2105"]
[BlackElo "2376"]
[PlyCount "106"]
[EventDate "2006.03.04"]
[EventType "team"]
[EventRounds "11"]
[EventCountry "ENG"]
[SourceDate "2005.10.25"]

1. e4 c5 2. Nf3 d6 3. c3 Nf6 4. Bd3 Bg4 5. Bc2 g6 6. d3 Bg7 7. Nbd2 O-O 8. h3
Bd7 9. O-O Nc6 10. Nc4 b5 11. Ne3 e5 12. d4 cxd4 13. cxd4 exd4 14. Nxd4 Nxd4
15. Qxd4 Bc6 16. e5 Ne8 17. f4 dxe5 18. Qc5 Qd6 19. Qxd6 Nxd6 20. f5 gxf5 21.
Nxf5 Nxf5 22. Rxf5 Rac8 23. Bb3 Be4 24. Rf2 Rc7 25. Bd2 Bg6 26. Bc3 Re8 27. Re1
Rd7 28. g4 Bd3 29. Re3 Bc4 30. Bxc4 bxc4 31. Re4 Rc8 32. Rf5 h6 33. Kf2 f6 34.
h4 Kh7 35. h5 Kg8 36. Rf3 Rc6 37. Bb4 Rd4 38. Rfe3 Rxe4 39. Rxe4 Kf7 40. Re2
Bf8 41. Bc3 Ke6 42. Kf3 Rd6 43. Ke4 Rd3 44. Re3 Rxe3+ 45. Kxe3 f5 46. gxf5+
Kxf5 47. Bd2 Be7 48. Kf3 Bg5 49. Bb4 Bf4 50. b3 e4+ 51. Kg2 cxb3 52. axb3 Kg4
53. Be7 a6 0-1

[Event "4NCL/Div3/BRI2 vs. MIN"]
[Site "Birmingham ENG"]
[Date "2006.03.04"]
[Round "7.2"]
[White "McFarland, Robert S"]
[Black "Fish, Jonathan M"]
[Result "0-1"]
[WhiteElo "2257"]
[BlackElo "2038"]
[PlyCount "62"]
[EventDate "2006.03.04"]
[EventType "team"]
[EventRounds "11"]
[EventCountry "ENG"]
[SourceDate "2005.10.25"]

1. Nf3 d5 2. c4 e6 3. b3 b6 4. g3 Bb7 5. Bg2 Nd7 6. Bb2 Ngf6 7. O-O Rc8 8. d3
Bd6 9. cxd5 exd5 10. Nc3 c5 11. e4 O-O 12. Re1 Re8 13. Nd2 Ne5 14. Qc2 Ba6 15.
Bf1 d4 16. Nd1 g5 17. f3 Nh5 18. Nf2 Qf6 19. Be2 Rc6 20. a4 Bc8 21. Rf1 Qh6 22.
Bc1 Ng6 23. Re1 Nxg3 24. hxg3 Bxg3 25. Nf1 Bxf2+ 26. Kxf2 Qh4+ 27. Kg1 Qxe1 28.
Bb2 Qh4 29. Bxd4 Nf4 30. Be3 Bh3 31. d4 cxd4 0-1

[Event "4NCL/Div3/BRI2 vs. MIN"]
[Site "Birmingham ENG"]
[Date "2006.03.04"]
[Round "7.3"]
[White "Boyce, G Michael"]
[Black "Richards, Heather"]
[Result "0-1"]
[WhiteElo "2058"]
[BlackElo "2235"]
[PlyCount "78"]
[EventDate "2006.03.04"]
[EventType "team"]
[EventRounds "11"]
[EventCountry "ENG"]
[SourceDate "2005.10.25"]

1. Nf3 e6 2. c4 b6 3. Nc3 Bb7 4. e4 Nf6 5. Bd3 d5 6. cxd5 exd5 7. e5 Nfd7 8.
O-O Nc5 9. Bb1 d4 10. Ne2 Ne6 11. d3 c5 12. Ng3 Nd7 13. Re1 h5 14. h3 Qc7 15.
Bc2 O-O-O 16. b4 cxb4 17. Bb2 Ndc5 18. Nf5 Qc6 19. Bb3 Nxb3 20. Qxb3 Kb8 21.
Rec1 Bc5 22. Nd6 Rxd6 23. exd6 Qxd6 24. Qd1 Nf4 25. Rc2 Qg6 26. Nh4 Qg5 27. g3
Qd5 28. Kh2 Bd6 29. Bc1 Ng6 30. f4 Nxh4 31. gxh4 Re8 32. Qf1 f6 33. Bd2 g5 34.
hxg5 fxg5 35. Re1 Rxe1 36. Bxe1 Bxf4+ 37. Bg3 Bxg3+ 38. Kxg3 Qe5+ 39. Kf2 Qe3#
0-1

[Event "4NCL/Div3/BRI2 vs. MIN"]
[Site "Birmingham ENG"]
[Date "2006.03.04"]
[Round "7.4"]
[White "Almond, Richard"]
[Black "Humphreys, Jerry"]
[Result "1-0"]
[WhiteElo "2073"]
[BlackElo "2084"]
[PlyCount "45"]
[EventDate "2006.03.04"]
[EventType "team"]
[EventRounds "11"]
[EventCountry "ENG"]
[SourceDate "2005.10.25"]

1. d4 Nf6 2. c4 g6 3. Nc3 d5 4. cxd5 Nxd5 5. Bd2 Bg7 6. e4 Nxc3 7. Bxc3 O-O 8.
Bc4 Nd7 9. Ne2 Nb6 10. Bb3 Bd7 11. O-O Rc8 12. a4 c6 13. Qd2 Rc7 14. Ng3 Nc8
15. e5 e6 16. Ne4 Kh8 17. Qf4 Be8 18. Rad1 b6 19. Rfe1 Rd7 20. Re3 c5 21. Rh3
Ne7 22. Nf6 Bxf6 23. Qh6 1-0

[Event "4NCL/Div3/BRI2 vs. MIN"]
[Site "Birmingham ENG"]
[Date "2006.03.04"]
[Round "7.5"]
[White "Hickman, John E"]
[Black "Hardman, Michael J"]
[Result "0-1"]
[WhiteElo "2082"]
[BlackElo "2138"]
[PlyCount "94"]
[EventDate "2006.03.04"]
[EventType "team"]
[EventRounds "11"]
[EventCountry "ENG"]
[SourceDate "2005.10.25"]

1. e4 c5 2. Nf3 d6 3. g3 Nf6 4. d3 g6 5. Bg2 Bg7 6. O-O O-O 7. c3 e5 8. a3 Nc6
9. b4 Qc7 10. Re1 Rb8 11. Nbd2 Ne7 12. Bb2 Nh5 13. d4 h6 14. bxc5 dxc5 15. Nxe5
Bxe5 16. dxe5 Qxe5 17. Rb1 Nc6 18. Qe2 Qe7 {=} 19. Nc4 Be6 20. f4 Rfe8 21. e5
Bxc4 22. Qxc4 Na5 23. Qe4 Qe6 24. Bf3 Ng7 25. g4 Qc4 26. Qxc4 Nxc4 27. Bc1 Nb6
28. Be3 Ne6 29. h4 Nc4 30. Bc1 b6 31. Bd5 Na5 32. f5 Nc7 33. c4 gxf5 34. gxf5
Rbd8 35. Bxh6 Nxd5 36. cxd5 Rxd5 37. Bf4 Nc6 38. Rbd1 Rxd1 39. Rxd1 Nxe5 40.
Kf2 f6 41. h5 c4 42. Kg3 Nd3 43. Bd6 Re3+ 44. Kh4 c3 45. Rg1+ Kh7 46. Bb4 Nf2
47. Rg3 Re4+ 0-1

[Event "4NCL/Div3/BRI2 vs. MIN"]
[Site "Birmingham ENG"]
[Date "2006.03.04"]
[Round "7.6"]
[White "Parker, Robert"]
[Black "Hunt-Grubbe, Henry"]
[Result "1/2-1/2"]
[WhiteElo "2087"]
[BlackElo "1985"]
[PlyCount "58"]
[EventDate "2006.03.04"]
[EventType "team"]
[EventRounds "11"]
[EventCountry "ENG"]
[SourceDate "2005.10.25"]

1. d4 e6 2. c4 f5 3. Nf3 Nf6 4. Nc3 Bb4 5. Bg5 Bxc3+ 6. bxc3 O-O 7. e3 d6 8.
Bd3 c5 9. O-O Nc6 10. e4 h6 11. Bxf6 Qxf6 12. exf5 exf5 13. Bc2 b6 14. Re1 Bb7
15. Qd2 Na5 16. Qd3 Ba6 17. Bb3 Rad8 18. d5 {=} Rde8 19. Rac1 g5 20. Re2 g4 21.
Nd2 Re5 22. Rce1 Rfe8 23. f4 Rxe2 24. Rxe2 Rxe2 25. Qxe2 Kf7 26. Qe3 h5 27. g3
Qe7 28. Qxe7+ {=} Kxe7 29. Kf2 Kf6 1/2-1/2

[Event "4NCL/Div3/BRI2 vs. MIN"]
[Site "Birmingham ENG"]
[Date "2006.03.04"]
[Round "7.7"]
[White "Turvey, Steven S"]
[Black "Ackley, Peter"]
[Result "1/2-1/2"]
[WhiteElo "1885"]
[BlackElo "2030"]
[PlyCount "55"]
[EventDate "2006.03.04"]
[EventType "team"]
[EventRounds "11"]
[EventCountry "ENG"]
[SourceDate "2005.10.25"]

1. e4 e6 2. d4 d5 3. exd5 exd5 4. Nf3 Bd6 5. Bd3 Ne7 6. O-O Bg4 7. Be2 f6 8.
Nh4 Bxe2 9. Qxe2 Nbc6 10. Nf5 Kf7 11. Nxd6+ Qxd6 12. c3 Rhe8 13. Qf3 Ng6 14.
Bd2 Re4 15. Na3 Rae8 16. Rfe1 Rxe1+ 17. Rxe1 Rxe1+ 18. Bxe1 Qe6 19. Bd2 Nce7
20. Qd3 {=} c6 21. b3 Qf5 22. Qxf5 Nxf5 23. f3 Ke6 24. Nc2 Nd6 25. Kf2 Ne7 26.
g4 f5 27. h3 fxg4 28. hxg4 1/2-1/2

[Event "4NCL/Div3/BRI2 vs. MIN"]
[Site "Birmingham ENG"]
[Date "2006.03.04"]
[Round "7.8"]
[White "Kelly, Paul J"]
[Black "Owens, Megan"]
[Result "0-1"]
[WhiteElo "1945"]
[BlackElo "1645"]
[PlyCount "71"]
[EventDate "2006.03.04"]
[EventType "team"]
[EventRounds "11"]
[EventCountry "ENG"]
[SourceDate "2005.10.25"]

1. e4 c5 2. d3 a6 3. g3 b5 4. Bg2 Bb7 5. Nc3 e6 6. f4 d5 7. e5 Qc7 8. Nf3 d4 9.
Ne4 Ne7 10. Nd6+ Kd7 11. Nxf7 Rg8 12. N7g5 h6 13. Nh7 Nbc6 14. a4 b4 15. O-O
Nd5 16. Nxf8+ Raxf8 17. Bd2 Nce7 18. Bh3 g6 19. Rc1 Nf5 20. Bxf5 gxf5 21. a5
Qxa5 22. Kf2 Qb5 23. Ke2 a5 24. c4 dxc3 25. bxc3 c4 26. cxb4 cxd3+ 27. Ke1 Nxb4
28. Nd4 Qb6 29. Qa4+ Ke7 30. Rc4 Rc8 31. Bxb4+ axb4 32. Rxb4 Qa6 33. Kd2 Rgd8
34. Rfb1 Qxa4 35. Rxa4 Be4 36. Rb7+ 0-1

[Event "4NCL/Div3/HKF2 vs. KHE"]
[Site "Birmingham ENG"]
[Date "2006.03.04"]
[Round "7.1"]
[White "Ghasi, Ameet"]
[Black "McMichael, Richard"]
[Result "1-0"]
[WhiteElo "2341"]
[BlackElo "2272"]
[PlyCount "55"]
[EventDate "2006.03.04"]
[EventType "team"]
[EventRounds "11"]
[EventCountry "ENG"]
[SourceDate "2005.10.25"]

1. Nf3 d5 2. g3 Bg4 3. Bg2 c6 4. O-O Nd7 5. d3 e6 6. b3 Be7 7. Bb2 Bf6 8. d4
Ne7 9. Qc1 O-O 10. Nbd2 c5 11. dxc5 Bxb2 12. Qxb2 Nxc5 13. c4 Rc8 14. cxd5 Nxd5
15. Rac1 b5 16. Qd4 Nf6 17. Qe3 Qb6 {=} 18. Ne5 Rfd8 19. Nc6 Rxc6 20. Bxc6 Qxc6
21. Rxc5 Qb7 22. Rfc1 h6 23. Nf3 Bh3 24. R5c3 Rd7 25. Rd3 Nd5 26. Qe5 b4 27.
Rcd1 Rc7 28. Qh5 1-0

[Event "4NCL/Div3/HKF2 vs. KHE"]
[Site "Birmingham ENG"]
[Date "2006.03.04"]
[Round "7.2"]
[White "Khantuev, Alexander"]
[Black "Chipanga, Takaedza"]
[Result "1-0"]
[WhiteElo "2302"]
[BlackElo "2223"]
[PlyCount "83"]
[EventDate "2006.03.04"]
[EventType "team"]
[EventRounds "11"]
[EventCountry "ENG"]
[SourceDate "2005.10.25"]

1. e4 c5 2. c3 d5 3. exd5 Qxd5 4. d4 Nf6 5. Nf3 Bg4 6. dxc5 Qxd1+ 7. Kxd1 e5 8.
b4 e4 9. h3 exf3 10. hxg4 Nxg4 11. Bb5+ Nc6 12. Re1+ Be7 13. gxf3 Nf6 14. Kc2
Kf8 15. Be3 a5 16. Nd2 axb4 17. Bxc6 bxc6 18. cxb4 Nd5 19. Kb3 f5 20. Nc4 Bf6
21. Rad1 Bc3 22. Rxd5 cxd5 23. Kxc3 dxc4 24. b5 f4 25. Bxf4 Ra3+ 26. Kb4 Rxf3
27. Bd6+ Kf7 28. Re7+ Kf6 29. Re2 c3 30. b6 Rd3 31. Be5+ Kf5 32. Bxc3 Rb8 33.
a4 Rd1 34. a5 Rb1+ 35. Rb2 Rxb2+ 36. Bxb2 Ke6 37. a6 Kd5 38. a7 Re8 39. b7 Re2
40. Bxg7 Ra2 41. a8=Q Rxf2 42. b8=Q+ 1-0

[Event "4NCL/Div3/HKF2 vs. KHE"]
[Site "Birmingham ENG"]
[Date "2006.03.04"]
[Round "7.3"]
[White "Broomfield, Matthew"]
[Black "Thomas, Richard H"]
[Result "1-0"]
[WhiteElo "2303"]
[BlackElo "2219"]
[PlyCount "81"]
[EventDate "2006.03.04"]
[EventType "team"]
[EventRounds "11"]
[EventCountry "ENG"]
[SourceDate "2005.10.25"]

1. d4 g6 2. e4 Bg7 3. Nc3 c6 4. g3 d5 5. exd5 cxd5 6. Bg2 e6 7. Nf3 Nc6 8. O-O
Nge7 9. Ne2 O-O 10. Re1 b6 11. Nf4 Bb7 12. h4 Nf5 13. c3 Nd6 14. h5 Re8 15. Nd3
Qc8 16. Bf4 Ne4 17. Nh2 Nf6 18. Bf3 Ba6 19. Ne5 Nd7 20. Nhg4 Ncxe5 21. dxe5 Qc5
22. Kg2 Rad8 23. Bg5 Rc8 24. Qd2 Qf8 25. Nf6+ Nxf6 26. exf6 Bh8 27. Bg4 Qd6 28.
hxg6 fxg6 29. Bf4 Qd7 30. Be5 Rc6 31. Qg5 Qf7 32. Re3 Rf8 33. Rae1 Bc8 {=} 34.
Rf3 Bb7 35. Bd4 a6 36. Qe5 Re8 37. Bh3 Bc8 38. g4 h6 39. g5 hxg5 40. Bg4 Rf8
41. Rh1 1-0

[Event "4NCL/Div3/HKF2 vs. KHE"]
[Site "Birmingham ENG"]
[Date "2006.03.04"]
[Round "7.4"]
[White "Ruecker, Benjamin"]
[Black "Lindner, Daniel"]
[Result "0-1"]
[WhiteElo "2229"]
[BlackElo "2259"]
[PlyCount "82"]
[EventDate "2006.03.04"]
[EventType "team"]
[EventRounds "11"]
[EventCountry "ENG"]
[SourceDate "2005.10.25"]

1. d4 Nf6 2. Bg5 e6 3. e4 h6 4. Bxf6 Qxf6 5. c3 d6 6. Bd3 g6 7. Ne2 Bg7 8. f4
Qh4+ 9. g3 Qe7 10. e5 O-O 11. Nd2 Nc6 12. Qc2 b6 13. O-O-O Bb7 14. h4 dxe5 15.
fxe5 Nxe5 16. dxe5 Bxh1 17. Rxh1 Bxe5 18. h5 g5 19. g4 Rad8 20. Nf3 Bg7 21.
Nfd4 Qd6 22. Rf1 c5 23. Bh7+ Kh8 24. Nf3 b5 25. Be4 f5 26. gxf5 exf5 27. Bxf5
Qd5 28. Bg4 Qxa2 29. Rg1 b4 30. Nd2 a5 31. Qb3 Qxb3 32. Nxb3 bxc3 33. bxc3 Rf2
34. Nxc5 Re8 35. Kd1 Re3 36. Kd2 Re7 37. Rc1 Rg2 38. Bf3 Rf2 39. Be4 Re5 40.
Rb1 Rxc5 41. Rb8+ Rf8 0-1

[Event "4NCL/Div3/HKF2 vs. KHE"]
[Site "Birmingham ENG"]
[Date "2006.03.04"]
[Round "7.5"]
[White "Burrows, Martin P"]
[Black "Guthrie, David"]
[Result "1-0"]
[WhiteElo "2200"]
[BlackElo "2184"]
[PlyCount "83"]
[EventDate "2006.03.04"]
[EventType "team"]
[EventRounds "11"]
[EventCountry "ENG"]
[SourceDate "2005.10.25"]

1. e4 e5 2. Nf3 Nc6 3. Bb5 a6 4. Ba4 Nf6 5. O-O Nxe4 6. d4 b5 7. Bb3 d5 8. dxe5
Be6 9. Be3 Be7 10. c3 O-O 11. h3 f6 12. exf6 Bxf6 13. Nbd2 Nxd2 14. Qxd2 Ne5
15. Nxe5 Bxe5 16. Rfe1 Bf7 17. f4 Bd6 18. Bxd5 Bxd5 19. Qxd5+ Kh8 20. Qf3 Qh4
21. Rf1 Rae8 22. Bd2 Re7 23. Rae1 Ref7 24. Re4 h6 25. Be3 Qf6 26. Qh5 Qf5 27.
Qxf5 Rxf5 28. g4 Rd5 29. Kg2 b4 30. cxb4 Rb8 31. Rc1 a5 32. a3 axb4 33. axb4
Rd3 34. Kf2 Rb3 35. Rc2 Bxb4 36. Rxc7 Rxb2+ 37. Kf3 Rb3 38. h4 Ra8 39. Rb7 Ra4
40. h5 Rb1 41. Re8+ Kh7 42. Rbb8 1-0

[Event "4NCL/Div3/HKF2 vs. KHE"]
[Site "Birmingham ENG"]
[Date "2006.03.04"]
[Round "7.6"]
[White "Lewis, Alex"]
[Black "Buckley, Melanie"]
[Result "1-0"]
[WhiteElo "2145"]
[BlackElo "2145"]
[PlyCount "115"]
[EventDate "2006.03.04"]
[EventType "team"]
[EventRounds "11"]
[EventCountry "ENG"]
[SourceDate "2005.10.25"]

1. e4 e6 2. d3 d5 3. Qe2 Nc6 4. Nf3 e5 5. exd5 Qxd5 6. Nc3 Bb4 7. Bd2 Bxc3 8.
Bxc3 Bg4 9. Qe4 Bxf3 10. gxf3 Nf6 11. Qa4 b5 12. Qh4 b4 13. Bxb4 Nd4 14. Be2
Nxc2+ 15. Kd2 Nxb4 16. Qxb4 Qd6 17. Qxd6 cxd6 18. f4 exf4 19. Rhg1 g6 20. Rac1
Kd7 21. Rc4 Rhf8 22. Rxf4 Nd5 23. Rh4 Rab8 24. b3 Nb4 25. a3 Nc6 26. b4 h5 27.
Rc4 Ne5 28. Rc3 Rfc8 29. Rgc1 Rxc3 30. Rxc3 Nc6 31. Bd1 Nd4 32. Rc4 Nb5 33. Ba4
Ke6 34. Bxb5 Rxb5 35. a4 Rb7 36. b5 Kd5 37. Kc3 f5 38. h4 Re7 39. a5 Ke5 40.
Kb4 d5 41. Rc6 Kd4 42. b6 axb6 43. axb6 Kxd3 44. Kc5 Ke2 45. Rxg6 f4 46. Rg5
Kxf2 47. Rxh5 Kg3 48. Rf5 Re4 49. b7 Rc4+ 50. Kxd5 Rb4 51. Kc6 f3 52. Rb5 Rxb5
53. Kxb5 Kxh4 54. b8=Q Kh3 55. Qf4 Kg2 56. Qg4+ Kf2 57. Kc4 Ke3 58. Qd4+ 1-0

[Event "4NCL/Div3/HKF2 vs. KHE"]
[Site "Birmingham ENG"]
[Date "2006.03.04"]
[Round "7.7"]
[White "Crombleholme, Alan K"]
[Black "Okike, David C"]
[Result "0-1"]
[WhiteElo "2104"]
[BlackElo "2158"]
[PlyCount "96"]
[EventDate "2006.03.04"]
[EventType "team"]
[EventRounds "11"]
[EventCountry "ENG"]
[SourceDate "2005.10.25"]

1. Nf3 Nf6 2. d4 e6 3. g3 b5 4. Bg2 Bb7 5. O-O Be7 6. Na3 a6 7. c3 O-O 8. Nc2
d6 9. Nd2 Bxg2 10. Kxg2 Nbd7 11. e4 c5 12. f4 Qc7 13. Qf3 Nb6 14. b3 cxd4 15.
Nxd4 Rac8 16. Bb2 d5 17. e5 Nfd7 18. Rfe1 Rfe8 19. Re2 Bf8 20. h4 b4 21. Rc1
bxc3 22. Rxc3 Qb8 23. Nb1 Bc5 24. Qd3 Qa8 25. a3 Qb7 26. Rec2 Bf8 27. Rxc8 Rxc8
28. Rxc8 Nxc8 29. Nd2 Na7 30. b4 Nb6 31. N4b3 Nc4 32. Bc1 g6 33. Kh2 Qc8 34.
Nd4 Nb5 35. Nxb5 axb5 36. Nf3 Be7 37. Nd4 Qa6 38. Qc3 Bd8 39. Nb3 Bb6 40. Nc5
Qa7 41. Nd3 Bd4 42. Qb3 h5 43. Kg2 Be3 44. Bb2 Qa8 45. Ne1 d4+ 46. Kh2 Qd5 47.
Ng2 Qf3 48. Kh3 Qf1 0-1

[Event "4NCL/Div3/HKF2 vs. KHE"]
[Site "Birmingham ENG"]
[Date "2006.03.04"]
[Round "7.8"]
[White "Hale, Katie L W"]
[Black "Parmar, Amisha"]
[Result "0-1"]
[WhiteElo "1805"]
[BlackElo "1956"]
[PlyCount "88"]
[EventDate "2006.03.04"]
[EventType "team"]
[EventRounds "11"]
[EventCountry "ENG"]
[SourceDate "2005.10.25"]

1. e4 c5 2. Nf3 d6 3. d4 cxd4 4. Nxd4 Nf6 5. Nc3 g6 6. Be3 Bg7 7. Bc4 O-O 8.
O-O Ng4 9. Bg5 Qa5 10. Bh4 Qb4 11. Be2 Bxd4 12. Bxg4 Bxc3 13. bxc3 Qxe4 14.
Bxc8 Rxc8 15. Qd4 Qxd4 16. cxd4 Kf8 17. Rfe1 e6 18. Rac1 Rc4 19. c3 Nd7 20. f3
Rac8 21. Re3 Rxd4 22. Bf2 Rd2 23. a3 Nc5 24. Be1 Ra2 25. c4 Rb2 26. Bb4 Rc6 27.
Kf1 Na6 28. Bc3 Ra2 29. Bd4 Nc5 30. h3 e5 31. Bc3 Rxa3 32. Kf2 Na4 33. Bb4 Rxe3
34. Kxe3 Nb6 35. Kd3 Ke8 36. Rc2 Nd7 37. Ke4 Nc5+ 38. Kd5 Kd7 39. g3 f5 40. Ra2
Na6 41. Bxd6 Rxd6+ 42. Kxe5 Nb4 43. Ra3 Nd3+ 44. Rxd3 Rxd3 0-1

[Event "4NCL/Div3/SWD2 vs. PPA1"]
[Site "Birmingham ENG"]
[Date "2006.03.04"]
[Round "7.1"]
[White "Powell, Lloyd"]
[Black "Posazhennikov, Alex"]
[Result "1/2-1/2"]
[WhiteElo "2184"]
[BlackElo "2235"]
[PlyCount "43"]
[EventDate "2006.03.04"]
[EventType "team"]
[EventRounds "11"]
[EventCountry "ENG"]
[SourceDate "2005.10.25"]

1. d4 Nf6 2. c4 g6 3. Nc3 d5 4. Nf3 Bg7 5. cxd5 Nxd5 6. e4 Nxc3 7. bxc3 O-O 8.
Rb1 b6 9. Be3 Nc6 10. Be2 e5 11. O-O Bg4 12. d5 Na5 13. Nd2 Bxe2 14. Qxe2 f5
15. f3 Nb7 16. c4 Qd6 17. Rfc1 c5 18. dxc6 Qxc6 19. c5 Nxc5 20. Nb3 Rfc8 21.
Nxc5 bxc5 22. Rxc5 1/2-1/2

[Event "4NCL/Div3/SWD2 vs. PPA1"]
[Site "Birmingham ENG"]
[Date "2006.03.04"]
[Round "7.2"]
[White "Harley, Andrew"]
[Black "Trevelyan, John"]
[Result "1/2-1/2"]
[WhiteElo "2239"]
[BlackElo "2190"]
[PlyCount "91"]
[EventDate "2006.03.04"]
[EventType "team"]
[EventRounds "11"]
[EventCountry "ENG"]
[SourceDate "2005.10.25"]

1. e4 d6 2. d4 e5 3. Nf3 Nd7 4. Bc4 c6 5. O-O Be7 6. dxe5 dxe5 7. Ng5 Bxg5 8.
Qh5 Qe7 9. Qxg5 Qxg5 10. Bxg5 Ngf6 11. f3 b5 12. Be2 Nb6 13. Nd2 Be6 14. Rfc1
O-O-O 15. c4 bxc4 16. Nxc4 Nxc4 17. Bxc4 Bxc4 18. Rxc4 Rd6 19. Rac1 Kc7 20. Ra4
Ra8 21. Be3 Nd7 22. Kf2 f6 23. Rc3 Nb6 24. Bxb6+ Kxb6 25. Rb4+ Kc7 26. Rcb3
Rad8 27. Rb7+ Kc8 28. Rxa7 R6d7 29. Ra6 Kc7 30. Ra7+ Kc8 31. Rxd7 Rxd7 32. Ke2
Rd4 33. Rc3 Kc7 34. a3 Ra4 35. b4 Kb6 36. Kd2 Ra7 37. Kc2 g5 38. Rd3 Kc7 39. g4
c5 40. Rc3 Kd6 41. b5 Ra5 42. Rd3+ Kc7 43. b6+ Kc6 44. Rb3 Kb7 45. Kb2 Ra4 46.
Rb5 1/2-1/2

[Event "4NCL/Div3/SWD2 vs. PPA1"]
[Site "Birmingham ENG"]
[Date "2006.03.04"]
[Round "7.3"]
[White "Burton, Graham P"]
[Black "Byway, Paul"]
[Result "1/2-1/2"]
[WhiteElo "2130"]
[BlackElo "2203"]
[PlyCount "63"]
[EventDate "2006.03.04"]
[EventType "team"]
[EventRounds "11"]
[EventCountry "ENG"]
[SourceDate "2005.10.25"]

1. e4 c5 2. Nf3 e6 3. d4 cxd4 4. Nxd4 Nf6 5. Nc3 Nc6 6. Ndb5 Bb4 7. a3 Bxc3+ 8.
Nxc3 d5 9. exd5 exd5 10. Bd3 O-O 11. O-O h6 12. Bf4 d4 13. Ne4 Bf5 14. Qf3 Bxe4
15. Bxe4 Nxe4 16. Qxe4 Re8 17. Qd3 Qf6 18. Bg3 a6 19. Rfe1 Rac8 20. h3 b5 21.
Rad1 Qg5 22. a4 Qc5 23. Rxe8+ Rxe8 24. axb5 axb5 25. c3 Rd8 26. Qe4 dxc3 27.
Rxd8+ Nxd8 28. Qe8+ Kh7 29. bxc3 Qd5 30. Qe5 Qxe5 31. Bxe5 Nc6 32. Bd6 1/2-1/2

[Event "4NCL/Div3/SWD2 vs. PPA1"]
[Site "Birmingham ENG"]
[Date "2006.03.04"]
[Round "7.4"]
[White "Dunn, Andrew"]
[Black "Brown, Alan M"]
[Result "1/2-1/2"]
[WhiteElo "2188"]
[BlackElo "2121"]
[PlyCount "40"]
[EventDate "2006.03.04"]
[EventType "team"]
[EventRounds "11"]
[EventCountry "ENG"]
[SourceDate "2005.10.25"]

1. d4 Nf6 2. Nf3 e6 3. e3 b6 4. Bd3 Bb7 5. O-O Be7 6. c4 O-O 7. Nc3 d5 8. b3
Nbd7 9. Bb2 Ne4 10. Qc2 Ndf6 11. cxd5 Nxc3 12. Bxc3 exd5 13. b4 Bd6 14. a4 Qe7
15. Rfb1 a6 16. b5 axb5 17. axb5 Ne4 18. Rxa8 Rxa8 19. Ra1 Qe8 20. Ne5 Rxa1+
1/2-1/2

[Event "4NCL/Div3/SWD2 vs. PPA1"]
[Site "Birmingham ENG"]
[Date "2006.03.04"]
[Round "7.5"]
[White "Rees, Gwynfor"]
[Black "Toothill, John"]
[Result "1/2-1/2"]
[WhiteElo "2101"]
[BlackElo "2174"]
[PlyCount "70"]
[EventDate "2006.03.04"]
[EventType "team"]
[EventRounds "11"]
[EventCountry "ENG"]
[SourceDate "2005.10.25"]

1. d4 Nf6 2. c4 g6 3. g3 Bg7 4. Bg2 d5 5. Nf3 O-O 6. O-O c6 7. cxd5 Nxd5 8. e4
Nb6 9. h3 N8d7 10. Qc2 e5 11. Rd1 exd4 12. Nxd4 Qe7 13. Be3 Ne5 14. Nd2 Be6 15.
b3 Rfd8 16. a4 Ng4 17. hxg4 Bxd4 18. Bxd4 Rxd4 19. a5 Nd7 20. a6 b6 21. Qxc6
Rd8 22. Nf3 Ne5 23. Nxd4 Nxc6 24. Nxc6 Rxd1+ 25. Rxd1 Qa3 26. g5 Kg7 27. Nd4
Bg4 28. f3 Bc8 29. e5 Qxa6 30. Bf1 Qa5 31. f4 Ba6 32. Bg2 Bc8 33. Bf3 Qc5 34.
g4 h6 35. gxh6+ Kxh6 1/2-1/2

[Event "4NCL/Div3/SWD2 vs. PPA1"]
[Site "Birmingham ENG"]
[Date "2006.03.04"]
[Round "7.6"]
[White "Rosen, Daniel B"]
[Black "van Kemenade, Rudy"]
[Result "1/2-1/2"]
[WhiteElo "2144"]
[BlackElo "2068"]
[PlyCount "86"]
[EventDate "2006.03.04"]
[EventType "team"]
[EventRounds "11"]
[EventCountry "ENG"]
[SourceDate "2005.10.25"]

1. f4 g6 2. Nf3 Bg7 3. e4 d6 4. d4 Nf6 5. Nc3 O-O 6. Bd3 Na6 7. O-O c5 8. dxc5
Nxc5 9. Kh1 b5 10. Bxb5 Bb7 11. e5 dxe5 12. Nxe5 Qxd1 13. Rxd1 Nfe4 14. Nxe4
Nxe4 15. Be3 g5 16. Rd7 Nd6 17. Bc6 gxf4 18. Bxb7 Nxb7 19. Bxf4 Nc5 20. Rxe7
Rab8 21. Nd3 Rbc8 22. Nxc5 Rxc5 23. c3 Rb5 24. b3 Bxc3 25. Rc1 Bd4 26. Rd7 Bb6
27. Rd3 f6 28. Bh6 Rd8 29. Rxd8+ Bxd8 30. g3 Kf7 31. Kg2 Re5 32. Rc2 Bb6 33.
Kf3 Kg6 34. Bf4 Re7 35. b4 Re1 36. a4 Rb1 37. a5 Bg1 38. Bd6 Kf5 39. g4+ Ke6
40. Rd2 Rb3+ 41. Kg2 Be3 42. Rd1 Rb2+ 43. Kf3 Bd2 1/2-1/2

[Event "4NCL/Div3/SWD2 vs. PPA1"]
[Site "Birmingham ENG"]
[Date "2006.03.04"]
[Round "7.7"]
[White "Blackburn, Sandra G"]
[Black "Goodger, Martyn"]
[Result "0-1"]
[WhiteElo "1750"]
[BlackElo "2135"]
[PlyCount "88"]
[EventDate "2006.03.04"]
[EventType "team"]
[EventRounds "11"]
[EventCountry "ENG"]
[SourceDate "2005.10.25"]

1. d4 f5 2. e3 Nf6 3. Bd3 e6 4. f4 b6 5. Nf3 Bb7 6. Nbd2 Be7 7. O-O O-O 8. c3
Qe8 9. Qe1 Qg6 10. Qg3 Qe8 11. h3 c5 12. Bc4 d5 13. Bb3 Nc6 14. Ba4 a6 15. Ne5
Nxd4 16. Bxe8 Ne2+ 17. Kf2 Nxg3 18. Kxg3 Rfxe8 19. Ndf3 Ne4+ 20. Kh2 Red8 21.
Nd2 Nd6 22. b3 Bf6 23. Ndf3 b5 24. Bb2 a5 25. g4 g6 26. g5 Bg7 27. Kg1 a4 28.
Ba3 Ne4 29. Bb2 a3 30. Bc1 Nxc3 31. Bd2 Ne4 32. Be1 Bxe5 33. Nxe5 d4 34. exd4
Rxd4 35. Bf2 Rd2 36. Nf3 Rd3 37. Kg2 Nd2 38. Bxc5 Nxf3 39. Kf2 Nd2 40. Rfe1
Ne4+ 41. Rxe4 fxe4 42. Re1 Rd2+ 43. Ke3 Rad8 44. Bxa3 R8d3# 0-1

[Event "4NCL/Div3/PPA2 vs. SLOS3"]
[Site "Birmingham ENG"]
[Date "2006.03.04"]
[Round "7.1"]
[White "Kemp, Paul"]
[Black "Roberson, Peter T"]
[Result "1-0"]
[WhiteElo "2125"]
[BlackElo "2135"]
[PlyCount "83"]
[EventDate "2006.03.04"]
[EventType "team"]
[EventRounds "11"]
[EventCountry "ENG"]
[SourceDate "2005.10.25"]

1. e4 c6 2. d4 d5 3. exd5 cxd5 4. Bd3 Nc6 5. c3 Qc7 6. Nf3 Bg4 7. O-O e6 8.
Nbd2 Nf6 9. Re1 Bd6 10. Nf1 Bh5 11. Bg5 Rb8 12. Ng3 Bg6 13. Nf5 Bxf5 14. Bxf5
Be7 15. Bd3 O-O 16. Qd2 b5 17. Bf4 Bd6 18. Be5 Ne7 19. Qg5 Ng6 20. h4 Qd7 21.
Bxf6 gxf6 22. Qxf6 Be7 23. Ne5 Qc7 24. Qf3 Bxh4 25. Qh5 Qe7 26. g3 Bf6 27. Nc6
Qb7 28. Nxb8 Rxb8 29. Kg2 Kg7 30. Rh1 Rh8 31. Qe2 e5 32. Bxg6 fxg6 33. dxe5 Be7
34. Qd2 Rf8 35. Qh6+ Kf7 36. Qxh7+ Ke8 37. Qxg6+ Kd8 38. f3 Bc5 39. Rh7 Be7 40.
Rd1 d4 41. Rxd4+ Kc8 42. Qe4 1-0

[Event "4NCL/Div3/PPA2 vs. SLOS3"]
[Site "Birmingham ENG"]
[Date "2006.03.04"]
[Round "7.2"]
[White "Muter, Donny"]
[Black "Winfridsson, Ola"]
[Result "1/2-1/2"]
[WhiteElo "2085"]
[BlackElo "2099"]
[PlyCount "82"]
[EventDate "2006.03.04"]
[EventType "team"]
[EventRounds "11"]
[EventCountry "ENG"]
[SourceDate "2005.10.25"]

1. d4 Nf6 2. Nf3 e6 3. e3 b6 4. Bd3 Bb7 5. Qe2 c5 6. O-O Nc6 7. c3 Be7 8. a3 d6
9. Rd1 Qc7 10. e4 e5 11. b4 cxd4 12. cxd4 O-O 13. d5 Nb8 14. Ra2 Qd7 15. Nbd2
Rc8 16. a4 Rc7 17. Bb2 Qg4 18. Kh1 Nbd7 19. Nf1 g6 20. a5 bxa5 21. Rxa5 Nb6 22.
Ne3 Qh5 23. Rda1 Bc8 24. Ng1 Qxe2 25. Nxe2 Ng4 26. Nd1 f5 27. f3 fxe4 28. fxe4
Bg5 29. h3 Ne3 30. Nxe3 Bxe3 31. Bc1 Bxc1 32. Rxc1 Rxc1+ 33. Nxc1 Bd7 34. Ne2
Kf8 35. Kg1 Ke7 36. Kf2 Nc8 37. Ba6 Rb8 38. Bxc8 Bxc8 39. Rxa7+ Bd7 40. b5 Rxb5
41. Ra8 Rb4 1/2-1/2